00295nam a2200121 a 4500008004100000050001600041100002000057245002600077246001300103260002600116300002200142350000900164120416s1963 ||||||||||||||||| || u aTH 7703 Hop aHopkinson, R. G10aArchitectural physics alighting aLondonbH.M.S.Oc1963 axii, 360p. : ill. a0.00